<?xml version="1.0" encoding="UTF-8"?>
<record
    xmlns:xsi="http://www.w3.org/2001/XMLSchema-instance"
    xsi:schemaLocation="http://www.loc.gov/MARC21/slim http://www.loc.gov/standards/marcxml/schema/MARC21slim.xsd"
    xmlns="http://www.loc.gov/MARC21/slim">

  <leader>00687nam a2200181   4500</leader>
  <controlfield tag="001">5250</controlfield>
  <datafield tag="090" ind1=" " ind2=" ">
    <subfield code="a">5250</subfield>
  </datafield>
  <datafield tag="100" ind1=" " ind2=" ">
    <subfield code="a">20250612k        u||y0frey50      ba</subfield>
  </datafield>
  <datafield tag="101" ind1=" " ind2=" ">
    <subfield code="a">fre</subfield>
  </datafield>
  <datafield tag="200" ind1=" " ind2=" ">
    <subfield code="a">M&#xE9;moire</subfield>
    <subfield code="e">A toutes les f&#xE9;d&#xE9;rations de l'Internationale</subfield>
    <subfield code="f">F&#xE9;d&#xE9;ration jurassienne de l'Association Internationale des Travailleurs</subfield>
  </datafield>
  <datafield tag="210" ind1=" " ind2=" ">
    <subfield code="a">Sonvillier</subfield>
    <subfield code="b">Au si&#xE9;ge du Comit&#xE9; F&#xE9;d&#xE9;ral Jurassien</subfield>
    <subfield code="c">Comit&#xE9; F&#xE9;d&#xE9;ral Jurassien</subfield>
    <subfield code="d">[1873]</subfield>
  </datafield>
  <datafield tag="215" ind1=" " ind2=" ">
    <subfield code="a">139 p.</subfield>
    <subfield code="d">21 cm</subfield>
  </datafield>
  <datafield tag="316" ind1=" " ind2=" ">
    <subfield code="a">tampon "LTronchet."; marque "Mr. Scherhenleib"</subfield>
  </datafield>
  <datafield tag="606" ind1=" " ind2=" ">
    <subfield code="9">945</subfield>
    <subfield code="a">Mouvement libertaire</subfield>
  </datafield>
  <datafield tag="607" ind1=" " ind2=" ">
    <subfield code="9">651</subfield>
    <subfield code="a">Jura (Canton)</subfield>
  </datafield>
  <datafield tag="607" ind1=" " ind2=" ">
    <subfield code="9">397</subfield>
    <subfield code="a">Suisse romande</subfield>
  </datafield>
  <datafield tag="710" ind1=" " ind2=" ">
    <subfield code="9">5754</subfield>
    <subfield code="a">F&#xE9;d&#xE9;ration jurassienne</subfield>
    <subfield code="b">1871-1880</subfield>
  </datafield>
  <datafield tag="801" ind1=" " ind2=" ">
    <subfield code="a">CH</subfield>
    <subfield code="b">CH-002049-8</subfield>
  </datafield>
  <datafield tag="995" ind1=" " ind2=" ">
    <subfield code="1">0</subfield>
    <subfield code="2">0</subfield>
    <subfield code="3">0</subfield>
    <subfield code="5">2025-06-12</subfield>
    <subfield code="9">6068</subfield>
    <subfield code="b">002</subfield>
    <subfield code="c">002</subfield>
    <subfield code="e">CT Livres</subfield>
    <subfield code="f">CT0004</subfield>
    <subfield code="h">Lucien Tronchet</subfield>
    <subfield code="k">L0004</subfield>
    <subfield code="o">1</subfield>
  </datafield>
</record>
